Quizzes
Events
Quiz Creation
Community
Videos
Private Events
Remove Ads
Sign In
Join for FREE
Feedback
Dark Mode
Quiz Categories
Sports
Geography
Music
Movies
Television
Just For Fun
Miscellaneous
History
Literature
Language
Science
Gaming
Entertainment
Religion
Holiday
For Kids
Quiz Lab
Recent
Popular Today
Quiz Kudos Today
Editor Picks
Curator Picks
Quizzes by...
Day
Popularity
Type
Ratings
Length
Year
Community
Subscriptions
Recent Discussions
Orange Saloon
Badges
Playlists
Quests
Create
Leaderboards
Showdown
Live 5
Trivia Bingo
Activity
Puzzle Library
Sporcle Events
Private Events
Virtual Trivia
Globe League
Become a Host
Pub Owners
SporcleCon
Opinionation
Our Games
Videos
Blog
Mobile Apps
Partnerships
Remove Ads and Go Orange
Feedback
Holiday
Halloween
Christmas
Holiday Songs
April Fools'
Thanksgiving
Valentine's Day
Easter
St Patrick's Day
National Holiday
Religious Holiday
Holiday
Halloween
Christmas
Holiday Songs
April Fools'
Thanksgiving
Valentine's Day
Easter
St Patrick's Day
National Holiday
Religious Holiday
Random Quiz
Search Sporcle
×
Quiz Lab
Quiz Lab
Holiday
Type in answers that appear in a list
Type in answers that appear in a list
Classic
Best Score? Go Orange.
Tiendas y Puestos Stats
Can you name the Tiendas y Puestos?
By
Espanol3Acc
90s
15 Questions
24 Plays
24 Plays
24 Plays
Comments
Comments
Give Quiz Kudos
Give Quiz Kudos
-
- Ratings
hide this ad
Forced Order
Answers have to be entered in order
Answers have to be entered in order
Replay
Link that replays current quiz
Next Quiz
Link to next quiz in quiz playlist
You Got
0%
They Got
Avg Score
94%
Avg Friend Score
Upgrade to see
Score Distribution
Jump to the score distribution portion of the page
Score
0/15
Timer
01:30
0
Plays Today
% Correct
El Recibo
100%
La Falda
100%
Apretado
100%
La Madera
100%
El Vidrio
100%
Bordado
91.7%
El Cajero
91.7%
La Etiqueta
91.7%
% Correct
Mantel
91.7%
Los Tejidos
91.7%
Rebajar
91.7%
Regatear
91.7%
Una Ganga
91.7%
Las Chancletas
91.7%
El Gran Surtido
91.7%
Quiz Playlist
Details
Report
Send in Message
Add To Playlist
Classic:
Type in answers that appear in a list
Forced Order:
Answers have to be entered in order
Last Updated: Dec 19, 2018
Quiz Scoreboard
CHALLENGE
Sign Up to Join the Scoreboard
Show All
Scores
Hide
Comments
May contain spoilers
Recently Published
Presidents Visiting Landmarks
by Hejman
History
7m
An Introduction to Baseball
by treessimontrees
Sports
5m
Movies - When Are They Set?
by FPL_Elf
Movies
5m
More to Explore
Quiz From the Vault
Featured Blog Post
Where Did the Easter Bunny Come From?
hide this ad
You Might Also Like...
Tags
This quiz does not have any tags.
Today's Top Quizzes in Holiday
Browse Holiday
hide this ad
Top Contributed Quizzes in Holiday
1
5-to-1: Holiday Songs
2
5-to-1: Thanksgiving
3
Easter - Did You Know?
4
Word Ladder: Four Leaf Clover
5
Show What You Know: US Federal Holidays
6
Holidays Spelling Bee
7
The Holiday Category, A to Z
8
Slices of Holidays
9
3-per Word Ladder: Listen Up!
10
Entertaining Easter Eggs
Explore More
Trending Topics
Marvel
Anime
Disney
Kpop
NBA
Harry Potter
Crossword
The Office
Soccer
Song
Country
WWE
Puzzle
NFL
Pokémon
hide this ad
Score Distribution
Quiz Creator Spotlight
Espanol3Acc
Follow
Send a Message
Quizzes Created
-
Created Quiz Play Count
-
Popular Quizzes Today
1
Find the US States - No Outlines Minefield
2
Find the Countries of Europe - No Outlines Minefield
3
The Countries of the World
4
Find the US States
5
Popular People in 1961
6
US States
7
Risky Map Clicking: Biggest States A-Z
8
Movies - When Are They Set?
More Holiday Quizzes
The 3rd thing you need to know: Unofficial Holidays
Quiz Lab
Trending Quizzes
Risky Map Clicking: Least Populous States A-Z
1-10 Letter G Words
1-10 Letter F Words
Risky Map Clicking: Next State Alphabetically
Risky Map Clicking: Biggest States A-Z
Recently Updated
Leaping Animals
pecheneg
Reality TV Shows (A-Z)
bhenderson79
Rickey Henderson's Hall of Fame Teammates
pecheneg
Champions League XIs: Arsenal
pecheneg
Quick Pick: Celebrities in WWE's Hall of Fame
aduchscher
A-Z Keypad Blitz II
pecheneg
Multiple Oscar Actors
pecheneg
Mystery Phrase Blitz: Oscar 'Best Actors'
pecheneg
F. Scott Fitzgerald Novels
LTH
Pick 3 Villains
ddd62291
Trending Topics
Crossword
Disney
Harry Potter
Marvel
Kpop
NBA
Anime
The Office
Pokémon
Puzzle
Country
NFL
WWE
Soccer
Song
Your Account Isn't Verified!
In order to create a playlist on Sporcle, you need to verify the email address you used during registration. Go to your
Sporcle Settings
to finish the process.
Report this User
Report this user for behavior that violates our
Community Guidelines
.
Details:
Send Report
Go to the Sporcle.com Mobile Site →
Comments